000 009410000a22002290004500
020 _a0-281-04321-3
082 0 4 _aG 270.082 L7957s
100 1 _aLoades, Ann
245 1 0 _aSearching for lost coins : Explorations in Christianity and feminism : Ann Loades
260 _aLondon : SPCK
300 _a118 páginas
500 _aIncluye índice (p. 115-118)
501 _aRústico
504 _aIncluye bibliografía (p. 105-114)
505 0 0 _aReforma y reformadores en una sociedad patriarcal - Redescubriendo lo femenino en la tradición cristiana - Por que ciertas formas de santidad son malas para usted - Encontrando una voz en la comunidad cristiana - Lenguaje acerca de la realidad divina
650 1 4 _aCristianismo - Feminismo \ Patriarcado - Sociedad \ Tradición Cristiana
001 19251
942 _cBK
999 _c45622
_d45622
336 _atexto
_btxt
_2rdacontent
337 _2rdamedia
_asin mediación
_bn
338 _2rdacarrier
_avolumen
_bnc